[Event "Rome World Online Blitz (Women)"]
[Site "Rome"]
[Date "2015.11.26"]
[Round "17"]
[White "Zimina, Olga"]
[Black "Kosteniuk, Alexandra"]
[Result "1/2-1/2"]
[WhiteElo "2364"]
[BlackElo "2534"]
[PlyCount "91"]
[EventDate "2015.11.26"]
[EventType "tourn (blitz)"]
[EventRounds "18"]
[EventCountry "ITA"]
[EventCategory "7"]
[SourceTitle "CBM 169 Extra"]
[Source "ChessBase"]
[SourceDate "2015.12.18"]
[SourceVersion "1"]
[SourceVersionDate "2015.12.18"]
[SourceQuality "1"]

1. Nf3 Nf6 2. c4 b6 3. g3 Bb7 4. Bg2 e6 5. O-O Be7 6. Nc3 O-O 7. Re1 d5 8. cxd5
exd5 9. d4 c5 10. Bf4 Na6 11. Rc1 Ne4 12. dxc5 Bxc5 13. Nd4 Qf6 14. Be3 Rfe8
15. Qa4 Nb4 16. Red1 Red8 17. a3 Nc6 18. Nxe4 dxe4 19. Nxc6 Bxc6 20. Qb3 Rxd1+
21. Rxd1 Bxe3 22. Qxe3 Re8 23. Rd4 Qe5 24. h4 g6 25. Qc3 Bd5 26. e3 Qe6 27. Qd2
Bb7 28. Rd7 Qc6 29. Qd6 Qxd6 30. Rxd6 Re7 31. Rd8+ Kg7 32. Bf1 f5 33. Bc4 h6
34. Kf1 g5 35. hxg5 hxg5 36. Ke2 Kf6 37. Rd6+ Ke5 38. Rg6 g4 39. Rg8 Rc7 40. b3
a6 41. Re8+ Kd6 42. Re6+ Kc5 43. Re5+ Kd6 44. Re6+ Kc5 45. Re5+ Kd6 46. Re6+
1/2-1/2

[Event "Rome World Online Blitz (Women)"]
[Site "Rome"]
[Date "2015.11.26"]
[Round "18"]
[White "Kosteniuk, Alexandra"]
[Black "Nikolova, Adriana"]
[Result "0-1"]
[WhiteElo "2534"]
[BlackElo "2337"]
[PlyCount "94"]
[EventDate "2015.11.26"]
[EventType "tourn (blitz)"]
[EventRounds "18"]
[EventCountry "ITA"]
[EventCategory "7"]
[SourceTitle "CBM 169 Extra"]
[Source "ChessBase"]
[SourceDate "2015.12.18"]
[SourceVersion "1"]
[SourceVersionDate "2015.12.18"]
[SourceQuality "1"]

1. e4 c5 2. c3 d5 3. exd5 Qxd5 4. Nf3 Nf6 5. d4 e6 6. Na3 cxd4 7. Nb5 Na6 8.
Nbxd4 Nc5 9. Bb5+ Bd7 10. O-O Be7 11. c4 Qd6 12. b4 Nce4 13. c5 Qc7 14. Bb2 Rd8
15. Qe2 O-O 16. Bxd7 Rxd7 17. Nb5 Qb8 18. Be5 Qa8 19. Rfd1 Rfd8 20. Bc7 Rxd1+
21. Rxd1 Rxd1+ 22. Qxd1 a6 23. Nd6 Nc3 24. Qd3 Ncd5 25. Ba5 Bxd6 26. cxd6 Qb8
27. Bc7 Nxc7 28. dxc7 Qxc7 29. h3 Nd5 30. a3 Qc1+ 31. Kh2 Qf4+ 32. g3 Qc1 33.
Qd4 Qxa3 34. Ne5 Qxb4 35. Qa7 g6 36. Qb8+ Kg7 37. Nd7 Qe7 38. Qc8 b5 39. f4 a5
40. Ne5 a4 41. Qc2 Qc7 42. Qb2 Qc3 43. Qxb5 Qc2+ 44. Kg1 Ne3 45. Qb7 Qg2+ 46.
Qxg2 Nxg2 47. Kxg2 a3 0-1

[Event "Qatar Masters op"]
[Site "Doha"]
[Date "2015.12.22"]
[Round "3"]
[White "Adhiban, Baskaran"]
[Black "Kosteniuk, Alexandra"]
[Result "0-1"]
[WhiteElo "2669"]
[BlackElo "2525"]
[Annotator "Adhiban,B"]
[PlyCount "90"]
[EventDate "2015.12.20"]
[EventType "swiss"]
[EventRounds "9"]
[EventCountry "QAT"]
[SourceTitle "CBM 170"]
[Source "ChessBase"]
[SourceDate "2016.01.15"]
[SourceVersion "1"]
[SourceVersionDate "2016.01.15"]
[SourceQuality "1"]

{Ironically this was possibly one of my best games in Qatar but unfortunately
the end was not favourable for me.} 1. d4 Nf6 2. c4 e6 3. Nf3 b6 4. g3 Bb7 5.
Bg2 Be7 6. O-O O-O 7. Re1 d5 8. cxd5 exd5 9. Nc3 Na6 10. Bf4 c5 11. Rc1 Ne4 12.
dxc5 Naxc5 13. Nd4 Nxc3 14. Rxc3 Bf6 {It looks very close to = but some
accuracy is required from Black.} 15. Rc2 {Preparing Nf5.} Qd7 $1 {Now Black
threatens ...Bxd4 followed by ...Ne6 and ...d4, equalising.} 16. Be3 $1 {
I really liked this retreat, reinstating the influence over d4 and preventing
any possible simplifications.} (16. b4 Bxd4 $1 17. Qxd4 Ne6 18. Qd3 d4 $11)
16... Rfe8 17. Qc1 ({The computer's suggestion is} 17. Qd2 Ne4 18. Qb4) 17...
Rac8 18. Rd1 {Slowly overprotecting d4 and preparing for some manoeuvres.} h6 (
18... Ne4 19. Rxc8 Rxc8 20. Qb1 {slowly trying to push back Black's active
pieces.}) 19. h4 $1 {Kh2-Bh3 up next!} Ne4 20. Rxc8 Rxc8 21. Qb1 Ba6 22. Kh2
Qe8 (22... Rc4 $5 {with a complex game.}) 23. Bf3 Be5 $6 {An inaccuracy which
allows me to improve my piece placement.} (23... Rc4 $142 $5 {maintaining
strong pressure on the centre which makes it difficult for White to embark on
any manoeuvres.}) 24. Nf5 $1 Nf6 25. Bd4 {Now White has a comfortable position
with pressure against the isolani.} Bxd4 26. Nxd4 Qe5 27. Kg2 (27. e3 Ne4 28.
Kg2 {would lead to the same.}) 27... Ne4 28. e3 {I tried to avoid making this
so as to maybe use the e3-square and keep more control over the light squares
but it is a compulsory move!} Rc5 29. Qa1 $1 {The point is to get b4 without
having to worry about ...Nc3 and also White can activate the queen via a4-Qa3.}
Qf6 $6 (29... Bc8 $1 $132 {with the idea of Bh3+, but I think my opponent
didn't think much of my Qa1 :).}) 30. a4 Bc8 31. b4 {Now White has a clear
advantage.} Rc4 32. Rc1 (32. Bxe4 $1 dxe4 33. Rc1 $16 {was more clear with a
spectacular knight on d4.}) 32... Qe5 33. Be2 Rxc1 34. Qxc1 Bd7 35. Bb5 $5 Bg4
(35... Bxb5 36. axb5 {looked like a improvement for me.} (36. Nxb5 {was also
possible, not changing the pawn structure.})) 36. Qc6 {White has made
considerable progress on the queenside.} Kh7 (36... g6 $5 {was more tenacious.}
37. a5 {with a slight pull.} (37. Qa8+ {doesn't work due to} Kg7 38. Qxa7 Bh3+
$1 $11)) 37. Bd3 $1 g6 38. Qb7 Kg7 39. Qxa7 Bh3+ ({During the game I thought} 
39... Nxg3 $5 {was more critical:} 40. Qxb6 Ne4 41. Bxe4 $1 dxe4 42. a5 $18)
40. Kg1 Nxg3 41. Nc6 $4 {Just one move which spoiled an entire game! Funnily
if it was the 40th move it would have been easy to explain :). But playing
this just after the time control is really difficult to explain!} (41. Qxb6 $1
{was easily winning.}) 41... Qa1+ 42. Kh2 Qh1+ 43. Kxg3 g5 44. hxg5 (44. Bf1 {
is met by the pretty} Qg1+ $1 45. Kxh3 g4#) 44... Qg2+ 45. Kf4 Qxg5+ 0-1

[Event "Keres Memorial rap 25th"]
[Site "Tallinn"]
[Date "2016.01.08"]
[Round "4"]
[White "Duda, Jan Krzysztof"]
[Black "Kosteniuk, Alexandra"]
[Result "1-0"]
[WhiteElo "2660"]
[BlackElo "2550"]
[PlyCount "77"]
[EventDate "2016.01.08"]
[EventType "swiss (rapid)"]
[EventRounds "11"]
[EventCountry "EST"]
[SourceTitle "CBM 170 Extra"]
[Source "ChessBase"]
[SourceDate "2016.02.25"]
[SourceVersion "1"]
[SourceVersionDate "2016.02.25"]
[SourceQuality "1"]

1. d4 Nf6 2. c4 e6 3. Nf3 b6 4. g3 Bb7 5. Bg2 Be7 6. O-O O-O 7. Nc3 Ne4 8. Bd2
d6 9. d5 Nxd2 10. Qxd2 e5 11. e4 a5 12. a3 Ba6 13. Qd3 Nd7 14. b4 g6 15. Bh3
Bf6 16. Kg2 Kg7 17. Nd2 Bg5 18. Nb3 axb4 19. axb4 Qe7 20. Ra2 Bb7 21. Rfa1 Rxa2
22. Rxa2 Nf6 23. c5 bxc5 24. bxc5 Bc8 25. Bxc8 Rxc8 26. Qc4 c6 27. cxd6 Qd7 28.
Qb4 cxd5 29. exd5 Qf5 30. Nc5 h5 31. h4 Bc1 32. N3e4 Nxd5 33. Qb7 Nf4+ 34. gxf4
Qg4+ 35. Ng3 Rxc5 36. d7 Qxh4 37. Qc8 Rd5 38. Ra8 Qe7 39. Qh8# 1-0

[Event "Keres Memorial rap 25th"]
[Site "Tallinn"]
[Date "2016.01.09"]
[Round "6"]
[White "Berkes, Ferenc"]
[Black "Kosteniuk, Alexandra"]
[Result "1/2-1/2"]
[WhiteElo "2652"]
[BlackElo "2550"]
[PlyCount "109"]
[EventDate "2016.01.08"]
[EventType "swiss (rapid)"]
[EventRounds "11"]
[EventCountry "EST"]
[SourceTitle "CBM 170 Extra"]
[Source "ChessBase"]
[SourceDate "2016.02.25"]
[SourceVersion "1"]
[SourceVersionDate "2016.02.25"]
[SourceQuality "1"]

1. g3 d5 2. Nf3 Nf6 3. Bg2 Bf5 4. O-O c6 5. d3 e6 6. Nfd2 h5 7. e4 Bg6 8. h3
Bc5 9. Nc3 Nbd7 10. Kh1 Qc7 11. Nb3 Bb6 12. a4 a5 13. Bf4 e5 14. Bg5 dxe4 15.
dxe4 Nh7 16. Bd2 f6 17. Qe2 Bf7 18. Nd1 Bxb3 19. cxb3 Nhf8 20. Qc4 Qd6 21. Bc3
Nc5 22. Ne3 Qd3 23. Qxd3 Nxd3 24. Nc4 Bc7 25. h4 Ne6 26. Bf3 Nd4 27. Rad1 Nc5
28. Bxd4 exd4 29. Rxd4 Nxb3 30. Rd3 Nc5 31. Re3 O-O 32. Ra1 g6 33. Kg2 Rfd8 34.
e5 Rd4 35. Be2 fxe5 36. Nxe5 Re8 37. Nxc6 Rde4 38. Rxe4 Rxe4 39. Bf3 Rxa4 40.
Ne7+ Kf7 41. Re1 Bd8 42. Nd5 Rd4 43. Nc3 Rd2 44. Bd5+ Kf8 45. Re2 Rxe2 46. Nxe2
Bf6 47. b3 b5 48. Nf4 Ke7 49. Nxg6+ Kd6 50. Bf7 Ne6 51. Nf4 Nxf4+ 52. gxf4 Bxh4
53. Bxh5 a4 54. bxa4 bxa4 55. Bf7 1/2-1/2

[Event "Keres Memorial rap 25th"]
[Site "Tallinn"]
[Date "2016.01.10"]
[Round "9"]
[White "Kosteniuk, Alexandra"]
[Black "Georgiev, Kiril"]
[Result "0-1"]
[WhiteElo "2550"]
[BlackElo "2624"]
[PlyCount "104"]
[EventDate "2016.01.08"]
[EventType "swiss (rapid)"]
[EventRounds "11"]
[EventCountry "EST"]
[SourceTitle "CBM 170 Extra"]
[Source "ChessBase"]
[SourceDate "2016.02.25"]
[SourceVersion "1"]
[SourceVersionDate "2016.02.25"]
[SourceQuality "1"]

1. e4 c5 2. Nf3 d6 3. d4 cxd4 4. Nxd4 Nf6 5. Nc3 a6 6. Be2 g6 7. g4 h6 8. h4 b5
9. Bf3 e5 10. Nb3 Be6 11. Be3 Nbd7 12. Qe2 Bc4 13. Qd2 b4 14. Nd5 Nxd5 15. exd5
a5 16. Nc1 Bg7 17. Be2 Rc8 18. a3 Nf6 19. axb4 axb4 20. Qxb4 Bxd5 21. f3 O-O
22. O-O Rxc2 23. Ra6 Rc6 24. Ra7 Be6 25. Qa4 Nd5 26. Bf2 Rc8 27. Rd1 Nf4 28.
Bf1 d5 29. b4 d4 30. b5 Bd5 31. Ne2 Bxf3 32. Nxf4 Bxd1 33. Qxd1 exf4 34. Qb1
Ra8 35. b6 Rxa7 36. bxa7 Qc7 37. h5 g5 38. Qe4 Qxa7 39. Bd3 Rb8 40. Be1 Qd7 41.
Qh7+ Kf8 42. Be2 Qe6 43. Kf1 Rb2 44. Qd3 Kg8 45. Bd2 Bf6 46. Bf3 Qb3 47. Ke2
Qc3 48. Be4 Kg7 49. Ke1 Qxd3 50. Bxd3 f3 51. Kd1 Be5 52. Kc1 Ra2 0-1

[Event "Keres Memorial rap 25th"]
[Site "Tallinn"]
[Date "2016.01.10"]
[Round "11"]
[White "Kosteniuk, Alexandra"]
[Black "Postny, Evgeny"]
[Result "1-0"]
[WhiteElo "2550"]
[BlackElo "2670"]
[PlyCount "123"]
[EventDate "2016.01.08"]
[EventType "swiss (rapid)"]
[EventRounds "11"]
[EventCountry "EST"]
[SourceTitle "CBM 170 Extra"]
[Source "ChessBase"]
[SourceDate "2016.02.25"]
[SourceVersion "1"]
[SourceVersionDate "2016.02.25"]
[SourceQuality "1"]

1. e4 e5 2. Nf3 Nc6 3. Bb5 a6 4. Ba4 Nf6 5. O-O Be7 6. Re1 b5 7. Bb3 d6 8. c3
Na5 9. Bc2 c5 10. d4 Qc7 11. h3 Bd7 12. dxe5 dxe5 13. Nbd2 O-O 14. Nf1 Nc4 15.
b3 Nb6 16. Ne3 Bc6 17. Nf5 Rfd8 18. Qe2 c4 19. Be3 Rab8 20. Bxb6 Rxb6 21. bxc4
Bc5 22. Rad1 Rbb8 23. cxb5 Bxb5 24. Bd3 Bxd3 25. Rxd3 g6 26. Rxd8+ Rxd8 27.
Qxa6 Bb6 28. Nh6+ Kg7 29. Ng4 Nxg4 30. hxg4 Qc5 31. Rf1 Rd6 32. Qe2 Qxc3 33. g5
Bc5 34. a4 Rb6 35. Qd2 Qxd2 36. Nxd2 Rb4 37. a5 Ra4 38. Nb3 Ba7 39. Re1 Ra2 40.
Rd1 Bxf2+ 41. Kh2 Be3 42. Ra1 Bf4+ 43. Kh3 Rb2 44. Ra3 Rc2 45. Na1 Rc8 46. Kg4
f6 47. gxf6+ Kxf6 48. a6 Ke6 49. Kf3 Bc1 50. Ra2 Kd6 51. Nc2 Bd2 52. Ke2 Bc3
53. Kd3 Bd4 54. Nxd4 exd4 55. a7 Ra8 56. Kxd4 Ke6 57. Ra6+ Kd7 58. Kc5 Kc7 59.
Rf6 Kb7 60. Rf7+ Ka6 61. Rxh7 Re8 62. Kd6 1-0

[Event "China Elite Mind rapid (Women)"]
[Site "Huaian"]
[Date "2016.02.26"]
[Round "1"]
[White "Harika, Dronavalli"]
[Black "Kosteniuk, Alexandra"]
[Result "1/2-1/2"]
[WhiteElo "2511"]
[BlackElo "2554"]
[PlyCount "121"]
[EventDate "2016.02.26"]
[EventType "swiss (rapid)"]
[EventRounds "7"]
[EventCountry "CHN"]
[SourceTitle "CBM 171 Extra"]
[Source "ChessBase"]
[SourceDate "2016.04.26"]
[SourceVersion "1"]
[SourceVersionDate "2016.04.26"]
[SourceQuality "1"]

1. d4 Nf6 2. Bg5 e6 3. e4 h6 4. Bxf6 Qxf6 5. c3 e5 6. Nf3 d6 7. Nbd2 Be7 8.
dxe5 dxe5 9. Nc4 Nc6 10. Ne3 Qg6 11. Qc2 O-O 12. Bb5 Bc5 13. O-O-O Bxe3+ 14.
fxe3 Ne7 15. Bc4 Qc6 16. Bb3 Qc5 17. Kb1 a5 18. Rhf1 a4 19. Bxa4 Rxa4 20. Qxa4
Nc6 21. Rd5 Qxe3 22. Re1 Qf4 23. Qb5 Re8 24. Qd3 Be6 25. g3 Qf6 26. Nd2 Bxd5
27. exd5 Ne7 28. c4 Qg6 29. Kc2 Nf5 30. Kc1 Qg5 31. Kb1 Nd4 32. Nf3 Nxf3 33.
Qxf3 e4 34. Qf4 Qe7 35. Qe3 Qb4 36. Rc1 f5 37. a3 Qd6 38. Rf1 Qe5 39. h4 b6 40.
h5 Kh7 41. Kc2 b5 42. Qf4 bxc4 43. Qxf5+ Qxf5 44. Rxf5 e3 45. Kd1 Rb8 46. Rf4
Rxb2 47. Rxc4 Rd2+ 48. Ke1 Rxd5 49. g4 Rd3 50. a4 Ra3 51. Ke2 c5 52. Kf3 Kg8
53. Rxc5 Rxa4 54. Re5 Kf7 55. Rxe3 Kf6 56. Kg3 Rd4 57. Rf3+ Ke7 58. Rf1 Rc4 59.
Rf2 Rd4 60. Rf1 Rc4 61. Rf2 1/2-1/2

[Event "China Elite Mind rapid (Women)"]
[Site "Huaian"]
[Date "2016.02.26"]
[Round "2"]
[White "Kosteniuk, Alexandra"]
[Black "Krush, Irina"]
[Result "0-1"]
[WhiteElo "2554"]
[BlackElo "2458"]
[PlyCount "56"]
[EventDate "2016.02.26"]
[EventType "swiss (rapid)"]
[EventRounds "7"]
[EventCountry "CHN"]
[SourceTitle "CBM 171 Extra"]
[Source "ChessBase"]
[SourceDate "2016.04.26"]
[SourceVersion "1"]
[SourceVersionDate "2016.04.26"]
[SourceQuality "1"]

1. e4 g6 2. d4 Bg7 3. Nc3 c6 4. Be3 d5 5. e5 f6 6. Nf3 Bg4 7. exf6 Nxf6 8. Be2
Bxf3 9. Bxf3 Nbd7 10. Qe2 O-O 11. Bf4 e5 12. dxe5 Nxe5 13. Bxe5 Re8 14. O-O-O
Nd7 15. Nxd5 Nxe5 16. Nc3 Qa5 17. Be4 b5 18. f4 Nc4 19. Rd3 Nxb2 20. Kxb2 Qb4+
21. Kc1 Bxc3 22. Qf3 Qb2+ 23. Kd1 Qb1+ 24. Ke2 Qxc2+ 25. Ke3 Re7 26. Qd1 Rxe4+
27. Kxe4 Qxg2+ 28. Rf3 Re8+ 0-1

[Event "China Elite Mind rapid (Women)"]
[Site "Huaian"]
[Date "2016.02.26"]
[Round "3"]
[White "Huang, Qian"]
[Black "Kosteniuk, Alexandra"]
[Result "1-0"]
[WhiteElo "2450"]
[BlackElo "2554"]
[PlyCount "51"]
[EventDate "2016.02.26"]
[EventType "swiss (rapid)"]
[EventRounds "7"]
[EventCountry "CHN"]
[SourceTitle "CBM 171 Extra"]
[Source "ChessBase"]
[SourceDate "2016.04.26"]
[SourceVersion "1"]
[SourceVersionDate "2016.04.26"]
[SourceQuality "1"]

1. d4 Nf6 2. Nf3 e6 3. c4 b6 4. g3 Bb7 5. Bg2 Be7 6. O-O O-O 7. Nc3 Ne4 8. Bd2
d6 9. Qc2 Nxd2 10. Qxd2 Nd7 11. Rfe1 c6 12. Qc2 e5 13. Rad1 Qc7 14. Bh3 Nf6 15.
dxe5 dxe5 16. Rd2 Rfe8 17. Red1 e4 18. Nxe4 Nxe4 19. Rd7 Qb8 20. Qxe4 Bf6 21.
Qf5 Rf8 22. Ng5 Bxg5 23. Qxg5 Bc8 24. Rd8 Bxh3 25. Rxb8 Raxb8 26. g4 1-0

[Event "China Elite Mind rapid (Women)"]
[Site "Huaian"]
[Date "2016.02.26"]
[Round "4"]
[White "Socko, Monika"]
[Black "Kosteniuk, Alexandra"]
[Result "1/2-1/2"]
[WhiteElo "2448"]
[BlackElo "2554"]
[PlyCount "121"]
[EventDate "2016.02.26"]
[EventType "swiss (rapid)"]
[EventRounds "7"]
[EventCountry "CHN"]
[SourceTitle "CBM 171 Extra"]
[Source "ChessBase"]
[SourceDate "2016.04.26"]
[SourceVersion "1"]
[SourceVersionDate "2016.04.26"]
[SourceQuality "1"]

1. d4 Nf6 2. c4 e6 3. Nf3 b6 4. g3 Bb7 5. Bg2 Be7 6. O-O O-O 7. Nc3 Ne4 8. Qc2
Nxc3 9. Ng5 Nxe2+ 10. Qxe2 Bxg2 11. Kxg2 Bxg5 12. f4 Bf6 13. Be3 d5 14. Rac1
Nc6 15. Rfd1 Ne7 16. c5 Qb8 17. g4 g6 18. h4 bxc5 19. Rxc5 Nc8 20. h5 Nd6 21.
Rh1 Ne4 22. Rc2 c5 23. dxc5 d4 24. Bc1 Nxc5 25. Rxc5 Qd6 26. Qc4 Rad8 27. b4 d3
28. Bd2 Qb6 29. Qe4 Rd4 30. Qf3 Rd7 31. a4 Qb7 32. Qxb7 Rxb7 33. b5 Rd8 34.
Rhc1 gxh5 35. gxh5 Be7 36. Rc7 Rd7 37. Rxb7 Rxb7 38. Kf3 Bf6 39. h6 Rd7 40.
Rc8+ Bd8 41. Ke3 Kf8 42. Bb4+ Ke8 43. Kd2 Rc7 44. Ra8 Kd7 45. Kxd3 Rb7 46. Bc5
Bb6 47. Bxb6 axb6 48. Rh8 Ra7 49. Rxh7 Ke7 50. Rh8 Rxa4 51. h7 Ra3+ 52. Ke4 Rh3
53. Rb8 Rxh7 54. Rxb6 Rh1 55. Rb7+ Kf6 56. b6 Rb1 57. Kd4 Rd1+ 58. Ke4 Rb1 59.
Kd4 Rd1+ 60. Ke4 Rb1 61. Kd4 1/2-1/2

[Event "China Elite Mind rapid (Women)"]
[Site "Huaian"]
[Date "2016.02.27"]
[Round "5"]
[White "Kosteniuk, Alexandra"]
[Black "Mkrtchian, Lilit"]
[Result "1-0"]
[WhiteElo "2554"]
[BlackElo "2434"]
[PlyCount "73"]
[EventDate "2016.02.26"]
[EventType "swiss (rapid)"]
[EventRounds "7"]
[EventCountry "CHN"]
[SourceTitle "CBM 171 Extra"]
[Source "ChessBase"]
[SourceDate "2016.04.26"]
[SourceVersion "1"]
[SourceVersionDate "2016.04.26"]
[SourceQuality "1"]

1. e4 d6 2. d4 Nf6 3. Nc3 g6 4. Be3 c6 5. Qd2 Nbd7 6. a4 Bg7 7. a5 Qc7 8. Nf3
Ng4 9. Bg5 h6 10. Bh4 e5 11. d5 Ngf6 12. h3 O-O 13. Bc4 b5 14. dxc6 bxc4 15.
cxd7 Nxd7 16. Be7 Re8 17. Bxd6 Qc6 18. Qd5 Bb7 19. Qxc6 Bxc6 20. O-O-O Re6 21.
Rhe1 Rc8 22. Ba3 Bf8 23. Bxf8 Kxf8 24. Nd2 Bb7 25. Nxc4 Ke7 26. Ne3 Ra6 27.
Ned5+ Ke6 28. b4 Rac6 29. f4 exf4 30. Nxf4+ Ke7 31. Nfd5+ Ke8 32. Nb5 Ne5 33.
Ne3 Rc3 34. Nxc3 Rxc3 35. Nd5 Rg3 36. Ne3 Ba6 37. Rd5 1-0

[Event "China Elite Mind rapid (Women)"]
[Site "Huaian"]
[Date "2016.02.27"]
[Round "7"]
[White "Kosteniuk, Alexandra"]
[Black "Gunina, Valentina"]
[Result "1-0"]
[WhiteElo "2554"]
[BlackElo "2496"]
[PlyCount "99"]
[EventDate "2016.02.26"]
[EventType "swiss (rapid)"]
[EventRounds "7"]
[EventCountry "CHN"]
[SourceTitle "CBM 171 Extra"]
[Source "ChessBase"]
[SourceDate "2016.04.26"]
[SourceVersion "1"]
[SourceVersionDate "2016.04.26"]
[SourceQuality "1"]

1. e4 c6 2. d4 d5 3. e5 Bf5 4. Nf3 e6 5. Be2 Ne7 6. O-O h6 7. Nbd2 Nd7 8. Nb3
g5 9. Ne1 Qc7 10. Nd3 b6 11. Be3 Bg7 12. f4 Ng6 13. Bg4 Ne7 14. fxg5 hxg5 15.
Bxg5 f6 16. Bh5+ Kd8 17. exf6 Nxf6 18. Bf4 Qb7 19. Bf3 Ng6 20. Bg3 Qe7 21. Qe2
Ne4 22. Bxe4 dxe4 23. Nf2 e3 24. Ng4 Kd7 25. Nxe3 Raf8 26. Qa6 Kd8 27. d5 cxd5
28. Nxf5 Rxf5 29. Rxf5 exf5 30. Rd1 Qe3+ 31. Bf2 Qe5 32. Qxa7 Qxh2+ 33. Kf1 Ne7
34. Qa8+ Kd7 35. Qa4+ Ke6 36. Nd4+ Kf7 37. Nf3 Qh1+ 38. Bg1 Bxb2 39. c4 Rg8 40.
Qc2 Bf6 41. cxd5 Rg3 42. d6 Rxf3+ 43. gxf3 Qxf3+ 44. Bf2 Qh1+ 45. Ke2 Qh5+ 46.
Kd2 Qh6+ 47. Be3 Qh2+ 48. Kc1 Qe5 49. Qb3+ Kg7 50. dxe7 1-0

[Event "China Elite Mind blitz (Women)"]
[Site "Huaian"]
[Date "2016.02.28"]
[Round "1"]
[White "Kosteniuk, Alexandra"]
[Black "Gunina, Valentina"]
[Result "0-1"]
[WhiteElo "2554"]
[BlackElo "2496"]
[PlyCount "83"]
[EventDate "2016.02.28"]
[EventType "tourn (blitz)"]
[EventRounds "30"]
[EventCountry "CHN"]
[EventCategory "10"]
[SourceTitle "CBM 171 Extra"]
[Source "ChessBase"]
[SourceDate "2016.04.26"]
[SourceVersion "1"]
[SourceVersionDate "2016.04.26"]
[SourceQuality "1"]

1. e4 c6 2. d4 d5 3. e5 Bf5 4. Nf3 e6 5. Be2 Ne7 6. O-O h6 7. Nbd2 Nd7 8. Nb3
Qc7 9. Bd2 a5 10. a4 g5 11. c4 Bg7 12. Rc1 O-O 13. Qe1 b6 14. cxd5 Nxd5 15. Bb5
Ne7 16. Qe2 Rfd8 17. h4 g4 18. Nh2 Qb7 19. Bc4 h5 20. Bg5 Nf8 21. Qe3 Nfg6 22.
Nd2 b5 23. axb5 cxb5 24. Ba2 Nd5 25. Qg3 Rdc8 26. Nb3 Nb4 27. Nc5 Rxc5 28. Rxc5
Nxa2 29. Bf6 Bf8 30. Qe3 Nb4 31. Qg5 Nd3 32. f3 g3 33. Rc3 gxh2+ 34. Kxh2 Ndf4
35. g3 Ne2 36. Re3 Nxd4 37. g4 Rc8 38. gxf5 Rc2+ 39. Kh3 Nxf5 40. Rd3 Bh6 41.
Rd8+ Kh7 42. Rh8+ 0-1

[Event "China Elite Mind blitz (Women)"]
[Site "Huaian"]
[Date "2016.02.28"]
[Round "2"]
[White "Dzagnidze, Nana"]
[Black "Kosteniuk, Alexandra"]
[Result "1-0"]
[WhiteElo "2529"]
[BlackElo "2554"]
[PlyCount "96"]
[EventDate "2016.02.28"]
[EventType "tourn (blitz)"]
[EventRounds "30"]
[EventCountry "CHN"]
[EventCategory "10"]
[SourceTitle "CBM 171 Extra"]
[Source "ChessBase"]
[SourceDate "2016.04.26"]
[SourceVersion "1"]
[SourceVersionDate "2016.04.26"]
[SourceQuality "1"]

1. d4 Nf6 2. c4 e6 3. Nf3 b6 4. g3 Bb4+ 5. Bd2 Bxd2+ 6. Qxd2 Ba6 7. b3 c6 8.
Nc3 d5 9. Ne5 Nfd7 10. e3 Nxe5 11. dxe5 dxc4 12. Bxc4 Qxd2+ 13. Kxd2 Bxc4 14.
bxc4 Nd7 15. f4 Nc5 16. Kc2 O-O-O 17. Rad1 Kc7 18. Rd4 f6 19. exf6 gxf6 20.
Rhd1 e5 21. fxe5 fxe5 22. Rxd8 Rxd8 23. Rf1 Rd7 24. Rf5 Re7 25. g4 a6 26. a4 a5
27. g5 e4 28. h4 Nd3 29. Ne2 Ne1+ 30. Kc3 Ng2 31. Nd4 Nxe3 32. Rf6 Nd1+ 33. Kd2
Rd7 34. Kxd1 Rxd4+ 35. Ke2 Rxc4 36. Rf7+ Kd6 37. Rxh7 Ke5 38. g6 Rc2+ 39. Kd1
Rg2 40. h5 b5 41. axb5 cxb5 42. Rf7 a4 43. g7 a3 44. h6 a2 45. Ra7 Kd4 46. Rxa2
Rg1+ 47. Ke2 Rg2+ 48. Kf1 Kd5 1-0

[Event "China Elite Mind blitz (Women)"]
[Site "Huaian"]
[Date "2016.02.28"]
[Round "3"]
[White "Kosteniuk, Alexandra"]
[Black "Khotenashvili, Bela"]
[Result "1-0"]
[WhiteElo "2554"]
[BlackElo "2502"]
[PlyCount "111"]
[EventDate "2016.02.28"]
[EventType "tourn (blitz)"]
[EventRounds "30"]
[EventCountry "CHN"]
[EventCategory "10"]
[SourceTitle "CBM 171 Extra"]
[Source "ChessBase"]
[SourceDate "2016.04.26"]
[SourceVersion "1"]
[SourceVersionDate "2016.04.26"]
[SourceQuality "1"]

1. e4 c6 2. d4 d5 3. e5 c5 4. dxc5 Nc6 5. a3 Nxe5 6. b4 Nf6 7. Bb2 Ng6 8. Bb5+
Bd7 9. Bxd7+ Qxd7 10. Nf3 Qe6+ 11. Qe2 Qxe2+ 12. Kxe2 Nf4+ 13. Kf1 e6 14. Nc3
Rc8 15. g3 Ng6 16. h4 h6 17. h5 Ne7 18. Nb5 Nc6 19. Ne5 a6 20. Nxc6 bxc6 21.
Nd4 Kd7 22. Nf3 Ng4 23. Rh4 f5 24. Rxg4 fxg4 25. Ne5+ Kc7 26. Nxg4 Rg8 27. Re1
Re8 28. Kg2 a5 29. f4 axb4 30. axb4 Kb7 31. f5 Ra8 32. fxe6 Be7 33. Be5 Ra2 34.
Re2 Bg5 35. Rf2 Ka6 36. Bd6 Re8 37. Re2 Kb5 38. c4+ Kxc4 39. Rxa2 Rxe6 40. Ne5+
Kb5 41. Ra5+ Kxb4 42. Nxc6+ Kc4 43. Ra2 Re8 44. Ne5+ Kb3 45. Ra7 d4 46. c6 Bf6
47. c7 Bxe5 48. Bxe5 d3 49. Bf4 Kc2 50. Ra6 Rc8 51. Rc6+ Kd1 52. Kf3 d2 53. Rd6
Ke1 54. Bxd2+ Kf1 55. Ba5 Rf8+ 56. Ke4 1-0